[Event "37th ECC Open 2022"]
[Site "Mayrhofen AUT"]
[Date "2022.10.09"]
[Round "7.8"]
[Board "6"]
[White "Kamer, Kayra"]
[Black "Wachinger, Guenther"]
[Result "1-0"]
[WhiteTitle "IM"]
[BlackTitle "FM"]
[WhiteElo "2354"]
[BlackElo "2218"]
[WhiteTeam "Gokturk Satranc Spor Kulubu"]
[BlackTeam "Schach ohne Grenzen"]
[WhiteFideId "6367879"]
[BlackFideId "4604261"]
[EventDate "2022.10.03"]

1. c4 Nf6 2. e3 c5 3. Nf3 g6 4. b3 Bg7 5. Bb2 O-O 6. Be2 b6 7. O-O Bb7 8. Qc2 d6
9. d3 a6 10. Nbd2 Nc6 11. a3 Rc8 12. Rac1 Rc7 13. Qb1 Qa8 14. d4 cxd4 15. exd4
e6 16. a4 Nb4 17. a5 bxa5 18. Qa1 Qd8 19. Qxa5 Nc6 20. Qa4 Ne7 21. Bc3 Qa8 22.
c5 dxc5 23. Ba5 Bc6 24. Qa3 Rcc8 25. dxc5 Nfd5 26. Rfe1 Bb5 27. Nc4 Nc6 28. Bd2
Qb8 29. b4 Qc7 30. Bf1 Rb8 31. Rb1 Rfd8 32. Ng5 Nd4 33. Qh3 Nf6 34. Nd6 Bxf1 35.
Kxf1 Rxd6 36. Bf4 Nb5 37. Rbc1 Qd7 38. cxd6 Nxd6 39. Red1 Rb6 40. Qe3 Qb5+ 41.
Kg1 Nd5 42. Rxd5 exd5 43. Bxd6 Rxd6 44. Rc8+ Bf8 45. Qe7 1-0

[Event "37th ECC Open 2022"]
[Site "Mayrhofen AUT"]
[Date "2022.10.09"]
[Round "7.9"]
[Board "1"]
[White "Boruchovsky, Avital"]
[Black "Pijpers, Arthur"]
[Result "1/2-1/2"]
[WhiteTitle "GM"]
[BlackTitle "IM"]
[WhiteElo "2548"]
[BlackElo "2455"]
[WhiteTeam "Kfar Saba Chess Club"]
[BlackTeam "LSG Leiden 1"]
[WhiteFideId "2800055"]
[BlackFideId "1019554"]
[EventDate "2022.10.03"]

1. e4 c5 2. Nf3 d6 3. d4 cxd4 4. Nxd4 Nf6 5. Nc3 g6 6. f3 Bg7 7. Be3 Nc6 8. Qd2
O-O 9. O-O-O d5 10. exd5 Nxd5 11. Nxc6 bxc6 12. Bd4 Bxd4 13. Qxd4 Qb6 14. Na4
Qc7 15. Bc4 Rd8 16. Bb3 Be6 17. Nc5 Nf4 18. Nxe6 Nxe6 19. Qe3 Nf4 20. g3 Nd5 21.
Qc5 Qb6 22. Qxb6 axb6 23. Rd4 e6 24. Rhd1 Rdc8 25. a3 Kf8 26. c4 c5 27. R4d3 Nf6
28. Rd6 Rab8 29. Ba4 g5 30. Bb5 Ke7 31. Kc2 Rc7 32. R6d3 h5 33. Re1 Ne8 34. Bxe8
Rxe8 35. Rd5 Rg8 36. Kc3 Rd7 37. Re2 f6 1/2-1/2

[Event "37th ECC Open 2022"]
[Site "Mayrhofen AUT"]
[Date "2022.10.09"]
[Round "7.9"]
[Board "2"]
[White "Jens, Jelmer"]
[Black "Erenberg, Ariel"]
[Result "0-1"]
[WhiteTitle "IM"]
[BlackTitle "IM"]
[WhiteElo "2410"]
[BlackElo "2516"]
[WhiteTeam "LSG Leiden 1"]
[BlackTeam "Kfar Saba Chess Club"]
[WhiteFideId "1007394"]
[BlackFideId "2811634"]
[EventDate "2022.10.03"]

1. e4 c6 2. Nf3 d5 3. Nc3 dxe4 4. Nxe4 Nf6 5. Qe2 Nxe4 6. Qxe4 Nd7 7. Bc4 Nf6 8.
Ne5 e6 9. Qe2 b5 10. Bb3 Qc7 11. O-O Bd6 12. d4 O-O 13. Bf4 c5 14. dxc5 Qxc5 15.
Rad1 Bb7 16. Nd7 Nxd7 17. Bxd6 Qc6 18. f3 Rfd8 19. Qf2 a5 20. c3 Nf8 21. Qg3 b4
22. h4 bxc3 23. Be5 Ng6 24. Bxc3 a4 25. Bc2 a3 26. Bb3 axb2 27. Bxb2 Qc5+ 28.
Kh2 Qh5 29. Kh3 Bd5 30. Qg5 Qxg5 31. hxg5 Rdb8 32. Bxd5 Nf4+ 33. Kg3 Nxd5 34.
Be5 Rb4 35. Rf2 f6 36. gxf6 gxf6 37. Bd6 Rba4 38. a3 Kf7 39. Rd3 R8a6 40. Bc5
Rc6 41. Bd4 Rcc4 42. Bb2 h5 43. Rfd2 h4+ 44. Kf2 Kg6 45. Rb3 Nf4 46. Rb8 Kf5 47.
Rb5+ e5 48. Rb6 Ra7 49. g3 hxg3+ 50. Kxg3 Rh7 51. Kf2 Rh1 52. Rb4 Rh2+ 53. Ke3
Rc2 0-1

[Event "37th ECC Open 2022"]
[Site "Mayrhofen AUT"]
[Date "2022.10.09"]
[Round "7.9"]
[Board "3"]
[White "Gorshtein, Ido"]
[Black "Van der Werf, Mark"]
[Result "1/2-1/2"]
[WhiteTitle "IM"]
[BlackTitle "IM"]
[WhiteElo "2471"]
[BlackElo "2399"]
[WhiteTeam "Kfar Saba Chess Club"]
[BlackTeam "LSG Leiden 1"]
[WhiteFideId "2815532"]
[BlackFideId "1000470"]
[EventDate "2022.10.03"]

1. c4 e5 2. g3 c6 3. Nf3 e4 4. Nd4 d5 5. cxd5 Qxd5 6. Nc2 Nf6 7. Nc3 Qe5 8. Bg2
Na6 9. O-O Be7 10. Ne1 Bf5 11. f3 exf3 12. Nxf3 Qe6 13. a3 O-O 14. b4 Rad8 15.
Bb2 Ne4 16. Nxe4 Bxe4 17. d3 Bf6 18. Qc2 Bxf3 19. Bxf3 Bxb2 20. Qxb2 Nc7 21. Rf2
Nb5 22. Raf1 Nd4 23. Be4 f5 24. e3 fxe4 25. Rxf8+ Rxf8 26. Rxf8+ Kxf8 27. Qxd4
exd3 28. Qxd3 Kf7 29. Qd4 b6 30. e4 Kg6 31. a4 h5 32. h4 Kf7 33. a5 g6 34. e5
Qd5 35. Qf2+ Ke8 36. axb6 axb6 37. Qxb6 Qd1+ 38. Kf2 Qd2+ 39. Kf3 Qd1+ 40. Kf2
Qd2+ 41. Kf3 Qd1+ 42. Kf2 1/2-1/2

[Event "37th ECC Open 2022"]
[Site "Mayrhofen AUT"]
[Date "2022.10.09"]
[Round "7.9"]
[Board "4"]
[White "Willemze, Thomas"]
[Black "Rozen, Eytan"]
[Result "1-0"]
[WhiteTitle "IM"]
[BlackTitle "IM"]
[WhiteElo "2367"]
[BlackElo "2462"]
[WhiteTeam "LSG Leiden 1"]
[BlackTeam "Kfar Saba Chess Club"]
[WhiteFideId "1007238"]
[BlackFideId "2816750"]
[EventDate "2022.10.03"]

1. e4 e5 2. Nf3 Nc6 3. Nc3 Nf6 4. Bb5 Bd6 5. d3 O-O 6. Ba4 Nd4 7. Be3 Nxf3+ 8.
Qxf3 Be7 9. h3 c6 10. Bb3 d6 11. d4 Be6 12. Rd1 Qa5 13. O-O b5 14. dxe5 dxe5 15.
Bg5 Rad8 16. Bxf6 Bxf6 17. Bxe6 fxe6 18. Qg4 Rde8 19. Rd6 b4 20. Nd1 Qxa2 21.
Rxc6 Rc8 22. Rxc8 Rxc8 23. Ne3 Rd8 24. b3 Qa6 25. Rd1 Rxd1+ 26. Qxd1 Qc6 27. Qd3
h5 28. Qc4 Qd6 29. Qc8+ Kf7 30. Qb7+ Kg6 31. Qxa7 Bg5 32. Nf1 h4 33. Qa1 Kh7 34.
Qe1 Bh6 35. Qe2 Qc6 36. Qc4 Qxc4 37. bxc4 Kg6 38. Nh2 Bf4 39. Nf3 Kf6 40. Nxh4
Ke7 41. Kf1 Kd6 42. Ke2 Bg5 43. Nf3 Bd8 44. h4 Bb6 45. h5 Kc5 46. Kd3 Kd6 47. g4
Bxf2 48. g5 Bb6 49. g6 Ke7 50. Nxe5 Bc7 51. h6 1-0

[Event "37th ECC Open 2022"]
[Site "Mayrhofen AUT"]
[Date "2022.10.09"]
[Round "7.9"]
[Board "5"]
[White "Mindlin, Alon"]
[Black "Piceu, Tom"]
[Result "1-0"]
[WhiteTitle "IM"]
[BlackTitle "IM"]
[WhiteElo "2426"]
[BlackElo "2324"]
[WhiteTeam "Kfar Saba Chess Club"]
[BlackTeam "KBSK Brugge"]
[WhiteFideId "2800071"]
[BlackFideId "201952"]
[EventDate "2022.10.03"]

1. d4 Nf6 2. c4 g6 3. Nc3 Bg7 4. e4 d6 5. f3 O-O 6. Be3 c5 7. Nge2 Nc6 8. d5 Ne5
9. Ng3 h5 10. Be2 e6 11. O-O h4 12. Nh1 exd5 13. cxd5 a6 14. a4 Bd7 15. Nf2 b5
16. Qd2 Rb8 17. axb5 axb5 18. b3 Qc7 19. Rfc1 b4 20. Ncd1 h3 21. g4 Bb5 22. Kh1
Qb7 23. Bf4 Bxe2 24. Qxe2 Rfe8 25. Ne3 Qe7 26. Nxh3 Nexg4 27. fxg4 Qxe4+ 28. Qg2
Qd3 29. Rd1 Qxb3 30. Rab1 Qc3 31. Rbc1 Qb3 32. Nc4 Ra8 33. Nxd6 Red8 34. Rb1 Qc3
35. Nf2 Ra2 36. g5 Nh5 37. Nde4 Qc2 38. Rbc1 Qb2 39. Be3 c4 40. Bb6 Rxd5 41. Rf1
Rb5 42. Be3 c3 43. Nd6 Qe2 44. Rfe1 Re5 45. Rxe2 Rxe2 46. Nc4 b3 47. Nxe5 Rxe3
48. Qd5 Bxe5 49. Qxb3 1-0

[Event "37th ECC Open 2022"]
[Site "Mayrhofen AUT"]
[Date "2022.10.09"]
[Round "7.9"]
[Board "6"]
[White "Wiersma, Eelke"]
[Black "Givon, Asaf"]
[Result "1/2-1/2"]
[WhiteTitle "IM"]
[BlackTitle "IM"]
[WhiteElo "2299"]
[BlackElo "2434"]
[WhiteTeam "LSG Leiden 2"]
[BlackTeam "Kfar Saba Chess Club"]
[WhiteFideId "1002864"]
[BlackFideId "2801841"]
[EventDate "2022.10.03"]

1. e4 c5 2. Nf3 e6 3. d4 cxd4 4. Nxd4 a6 5. c4 Nf6 6. Nc3 Qc7 7. a3 b6 8. Be3
Bb7 9. f3 Be7 10. Rc1 O-O 11. Be2 d6 12. O-O Nbd7 13. b4 Rfc8 14. Qd2 Rab8 15.
Rfd1 Qd8 16. Nb3 Qe8 17. Kh1 Ba8 18. Bf1 Ne5 19. Qd4 Nc6 20. Qd2 Ne5 21. Qd4 h5
22. h3 Nc6 23. Qd2 Ne5 24. Qd4 h4 25. f4 Ng6 26. Be2 e5 27. fxe5 dxe5 28. Qd3 a5
29. Nd5 axb4 30. axb4 Bxd5 31. cxd5 Bxb4 32. Nd2 b5 33. Nf3 Bd6 34. Rc6 Rxc6 35.
dxc6 Bc7 36. Ng5 Nf8 37. Rc1 Ne6 38. Nxe6 Qxe6 39. Bg5 b4 1/2-1/2

[Event "37th ECC Open 2022"]
[Site "Mayrhofen AUT"]
[Date "2022.10.09"]
[Round "7.10"]
[Board "1"]
[White "Blomqvist, Erik"]
[Black "Korobov, Anton"]
[Result "1-0"]
[WhiteTitle "GM"]
[BlackTitle "GM"]
[WhiteElo "2526"]
[BlackElo "2672"]
[WhiteTeam "SK Rockaden"]
[BlackTeam "Silla - València Origin of Chess"]
[WhiteFideId "1709437"]
[BlackFideId "14105730"]
[EventDate "2022.10.03"]

1. e4 e6 2. d4 d5 3. e5 c5 4. c3 Qb6 5. Nf3 Bd7 6. Be2 Bb5 7. dxc5 Bxc5 8. b4
Be7 9. O-O Bxe2 10. Qxe2 Bd8 11. c4 Ne7 12. Nc3 Qxb4 13. Nb5 O-O 14. Nd6 dxc4
15. Qe4 Nd7 16. Rb1 Qa4 17. Be3 Qc6 18. Rxb7 Nb6 19. Qg4 Ng6 20. h4 Nd5 21. Rxf7
Rxf7 22. Qxe6 Nh8 23. Nd4 Qc5 24. Qe8+ Rf8 25. Qxf8+ Kxf8 26. Ne6+ Ke7 27. Nxc5
Nxe3 28. fxe3 Bb6 29. Nf5+ Kf7 30. Nd4+ Ke7 31. Nf5+ Kf7 32. Nd6+ Ke7 33. Nce4
Bxe3+ 34. Kh1 Ke6 35. Nxc4 Bd4 36. Rd1 Kd5 37. Ned6 Ng6 38. e6 Ne7 39. a4 Nc6
40. Nb5 Kxc4 41. Rc1+ Kb4 42. Rxc6 Bf6 43. Ra6 Bxh4 44. Rxa7 Rg8 45. Nd6 Kc5 46.
Nf5 Bf6 47. Rf7 Rb8 48. Nxg7 Be5 49. g3 Kd6 50. Rd7+ Kc6 51. Nf5 Re8 52. Ne7+
Kb6 53. Nd5+ Kc6 54. Nb4+ 1-0

[Event "37th ECC Open 2022"]
[Site "Mayrhofen AUT"]
[Date "2022.10.09"]
[Round "7.10"]
[Board "2"]
[White "Santos Latasa, Jaime"]
[Black "Seo, Jung Min"]
[Result "1/2-1/2"]
[WhiteTitle "GM"]
[BlackTitle "IM"]
[WhiteElo "2677"]
[BlackElo "2520"]
[WhiteTeam "Silla - València Origin of Chess"]
[BlackTeam "SK Rockaden"]
[WhiteFideId "2293307"]
[BlackFideId "1734687"]
[EventDate "2022.10.03"]

1. d4 Nf6 2. c4 e6 3. Nf3 d5 4. Nc3 c5 5. cxd5 cxd4 6. Nxd4 Nxd5 7. Bd2 Bb4 8.
Qb3 O-O 9. e3 Bxc3 10. Bxc3 Nxc3 11. Qxc3 Bd7 12. Be2 Nc6 13. Nb3 Qe7 14. O-O
Rac8 15. Rfd1 Rfd8 16. Qc5 Be8 17. Rac1 Qf6 18. Qa3 Rxd1+ 19. Rxd1 Qe7 20. Qxe7
Nxe7 21. Nd4 Kf8 22. f4 Nc6 23. Nf3 Nb4 24. a3 Nd5 25. Kf2 Nf6 26. Nd4 Ba4 27.
b3 Be8 28. Bf3 b6 29. Ke2 Nd7 30. b4 e5 31. Nf5 exf4 32. exf4 Nf6 33. Nd6 Rc2+
34. Rd2 Rc3 35. Rd3 Rc2+ 36. Ke3 Bd7 37. Kd4 Ne8 38. Nxe8 Bxe8 39. Rc3 Rxc3 40.
Kxc3 Ke7 41. Kd4 Kd6 42. h4 f6 43. g3 h6 44. Be4 Bd7 45. Bd3 Be8 46. Be4 Bd7 47.
Bd3 Be8 48. Be4 Bd7 1/2-1/2

[Event "37th ECC Open 2022"]
[Site "Mayrhofen AUT"]
[Date "2022.10.09"]
[Round "7.10"]
[Board "3"]
[White "Trost, Edvin"]
[Black "Idani, Pouya"]
[Result "0-1"]
[WhiteTitle "FM"]
[BlackTitle "GM"]
[WhiteElo "2347"]
[BlackElo "2623"]
[WhiteTeam "SK Rockaden"]
[BlackTeam "Silla - València Origin of Chess"]
[WhiteFideId "1729519"]
[BlackFideId "12510130"]
[EventDate "2022.10.03"]

1. d4 d6 2. Nf3 g6 3. e4 Nf6 4. Nbd2 Bg7 5. Bb5+ c6 6. Bd3 O-O 7. O-O Qc7 8. a4
Nbd7 9. Qe2 e5 10. dxe5 dxe5 11. b4 Re8 12. Nc4 Nh5 13. Re1 Nf4 14. Bxf4 exf4
15. e5 Nxe5 16. Nfxe5 Bxe5 17. Nxe5 f6 18. Qf3 fxe5 19. g3 Be6 20. gxf4 Rf8 21.
f5 Bxf5 22. Bc4+ Kh8 23. Qc3 Rae8 24. Re3 Qg7 25. Rae1 Re7 26. Rxe5 Bxc2 27. a5
Rf5 28. f4 Rxf4 29. R1e3 Rg4+ 30. Kf2 Rxe5 31. Rxe5 Qf6+ 32. Ke1 Re4+ 0-1

[Event "37th ECC Open 2022"]
[Site "Mayrhofen AUT"]
[Date "2022.10.09"]
[Round "7.10"]
[Board "4"]
[White "Alonso Rosell, Alvar"]
[Black "Kenneskog, Theodor"]
[Result "1-0"]
[WhiteTitle "GM"]
[BlackTitle "FM"]
[WhiteElo "2563"]
[BlackElo "2320"]
[WhiteTeam "Silla - València Origin of Chess"]
[BlackTeam "SK Rockaden"]
[WhiteFideId "2270544"]
[BlackFideId "1715011"]
[EventDate "2022.10.03"]

1. d4 Nf6 2. c4 g6 3. Nf3 Bg7 4. Nc3 d5 5. e3 O-O 6. cxd5 Nxd5 7. Bc4 Nb6 8. Bb3
c5 9. O-O cxd4 10. exd4 Nc6 11. d5 Na5 12. Re1 Bg4 13. h3 Bxf3 14. Qxf3 Nxb3 15.
axb3 Bxc3 16. bxc3 Qxd5 17. Qxd5 Nxd5 18. c4 Nb4 19. Rxe7 Nc6 20. Rxb7 Rfb8 21.
Rxb8+ Rxb8 22. Ra3 Nd4 23. Be3 Nxb3 24. c5 a5 25. c6 a4 26. Rxa4 1-0

[Event "37th ECC Open 2022"]
[Site "Mayrhofen AUT"]
[Date "2022.10.09"]
[Round "7.10"]
[Board "5"]
[White "Hedman, Erik"]
[Black "Forcen Esteban, Daniel"]
[Result "0-1"]
[WhiteTitle "IM"]
[BlackTitle "GM"]
[WhiteElo "2322"]
[BlackElo "2566"]
[WhiteTeam "SK Rockaden"]
[BlackTeam "Silla - València Origin of Chess"]
[WhiteFideId "1702351"]
[BlackFideId "2288230"]
[EventDate "2022.10.03"]

1. Nf3 d5 2. g3 Nf6 3. Bg2 e6 4. O-O Be7 5. d3 O-O 6. Nbd2 c5 7. e4 Nc6 8. Re1
b5 9. a4 bxa4 10. exd5 exd5 11. Rxa4 Qb6 12. h3 Re8 13. Nf1 Bd7 14. Ra1 Bf8 15.
Rxe8 Rxe8 16. Ne3 Bc8 17. Nd2 Be6 18. Ra4 Rd8 19. Kh2 Bd6 20. Ra1 Bb8 21. Nf3 h6
22. Nh4 c4 23. dxc4 dxc4 24. Qf3 Nd4 25. Qb7 Qc5 26. Nf3 Nxc2 27. Ra4 Bxg3+ 28.
fxg3 Nxe3 29. Qxa7 Neg4+ 30. hxg4 Nxg4+ 31. Kh3 Qh5+ 32. Nh4 Ne3+ 33. Kh2 Nxg2
34. Qa5 Rd5 0-1

[Event "37th ECC Open 2022"]
[Site "Mayrhofen AUT"]
[Date "2022.10.09"]
[Round "7.10"]
[Board "6"]
[White "Bernadskiy, Vitaliy"]
[Black "Bator, Robert"]
[Result "1-0"]
[WhiteTitle "GM"]
[BlackTitle "IM"]
[WhiteElo "2570"]
[BlackElo "2353"]
[WhiteTeam "Silla - València Origin of Chess"]
[BlackTeam "SK Rockaden"]
[WhiteFideId "14100371"]
[BlackFideId "1700405"]
[EventDate "2022.10.03"]

1. d4 d5 2. Nf3 a6 3. Bf4 e6 4. e3 Bd6 5. Bd3 Bxf4 6. exf4 Qd6 7. Qd2 c5 8. c3
Ne7 9. dxc5 Qxc5 10. Na3 b5 11. Nc2 Nd7 12. O-O Nb6 13. Ncd4 O-O 14. Rfe1 Qc7
15. Bxh7+ Kxh7 16. Ng5+ Kg8 17. Qd3 Ng6 18. Qh3 Re8 19. Qh7+ Kf8 20. f5 Qf4 21.
Nxf7 Kxf7 22. Qxg6+ Kf8 23. fxe6 Qf6 24. Qg3 Kg8 25. Qc7 Nc4 26. Qc6 Bxe6 27.
Rxe6 Qf7 28. Rae1 Rf8 29. f3 Nxb2 30. Re7 Qf6 31. Qxd5+ Kh8 32. R1e5 1-0

[Event "37th ECC Open 2022"]
[Site "Mayrhofen AUT"]
[Date "2022.10.09"]
[Round "7.11"]
[Board "1"]
[White "Mihok, Oliver"]
[Black "Bauer, Christian"]
[Result "1/2-1/2"]
[WhiteTitle "GM"]
[BlackTitle "GM"]
[WhiteElo "2545"]
[BlackElo "2616"]
[WhiteTeam "KSK Rochade Eupen-Kelmis"]
[BlackTeam "Schachgesellschaft Zürich"]
[WhiteFideId "728012"]
[BlackFideId "603767"]
[EventDate "2022.10.03"]

1. e4 e6 2. d4 d5 3. Nc3 Nc6 4. e5 a6 5. Nf3 f6 6. Ne2 fxe5 7. dxe5 Nh6 8. Bxh6
gxh6 9. g3 Qe7 10. a3 Bd7 11. Nf4 O-O-O 12. Bh3 Kb8 13. Qe2 Qf7 14. O-O-O Bc5
15. Rd3 Bb6 16. Rhd1 Bc8 17. Kb1 Rhg8 18. Rc1 Na5 19. Nd4 Bxd4 20. Rxd4 c5 21.
Rdd1 Nc4 22. Ka2 Rg5 23. Nd3 Qc7 24. f4 Rgg8 25. b3 Nb6 26. Qf2 c4 27. Nb2 c3
28. Nd3 d4 29. Ne1 Nc4 30. bxc4 Qxc4+ 31. Ka1 Qa4 32. Ka2 Qc4+ 33. Ka1 Qa4 34.
Ka2 1/2-1/2

[Event "37th ECC Open 2022"]
[Site "Mayrhofen AUT"]
[Date "2022.10.09"]
[Round "7.11"]
[Board "2"]
[White "Pelletier, Yannick"]
[Black "Nagy, Gabor1"]
[Result "1/2-1/2"]
[WhiteTitle "GM"]
[BlackTitle "GM"]
[WhiteElo "2521"]
[BlackElo "2488"]
[WhiteTeam "Schachgesellschaft Zürich"]
[BlackTeam "KSK Rochade Eupen-Kelmis"]
[WhiteFideId "1301837"]
[BlackFideId "737119"]
[EventDate "2022.10.03"]

1. d4 d5 2. c4 e6 3. Nf3 dxc4 4. e3 Nf6 5. Bxc4 a6 6. O-O Nbd7 7. a4 c5 8. Nc3
Qc7 9. b3 Bd6 10. Bb2 O-O 11. Qe2 e5 12. Nd5 Nxd5 13. Bxd5 exd4 14. exd4 Nf6 15.
dxc5 Bxh2+ 16. Nxh2 Nxd5 17. Rfd1 Be6 18. Nf3 Rfe8 19. Qc2 h6 20. Be5 Qe7 21.
Rd4 Rac8 22. Rc1 a5 23. Bd6 Qf6 24. Qe4 Nb4 25. Qxb7 Bxb3 26. Rf4 Qb2 27. Rf1
Qa2 28. Qb5 Ra8 29. Ne5 Qxa4 30. Qxa4 Bxa4 31. Ra1 Bb5 32. Nxf7 Nd3 33. Rf5 Bd7
34. Rf3 Ne1 35. Rf4 Nd3 36. Rf3 Ne1 37. Rf4 Nd3 1/2-1/2

[Event "37th ECC Open 2022"]
[Site "Mayrhofen AUT"]
[Date "2022.10.09"]
[Round "7.11"]
[Board "3"]
[White "Glek, Igor"]
[Black "Petkidis, Anthony"]
[Result "1-0"]
[WhiteTitle "GM"]
[BlackTitle "IM"]
[WhiteElo "2456"]
[BlackElo "2447"]
[WhiteTeam "KSK Rochade Eupen-Kelmis"]
[BlackTeam "Schachgesellschaft Zürich"]
[WhiteFideId "4100484"]
[BlackFideId "24673390"]
[EventDate "2022.10.03"]

1. e4 c5 2. Nf3 d6 3. d4 cxd4 4. Nxd4 Nf6 5. Nc3 Nc6 6. g3 Bg4 7. f3 Bd7 8. Be3
e6 9. g4 Be7 10. Qd2 Nxd4 11. Bxd4 Bc6 12. O-O-O O-O 13. h4 d5 14. e5 Nd7 15. f4
Bc5 16. Qe3 Qe7 17. g5 Bxd4 18. Rxd4 b5 19. Bxb5 Bxb5 20. Nxb5 Qc5 21. Nd6 Qb6
22. h5 Rfb8 23. b3 a5 24. g6 fxg6 25. hxg6 h6 26. f5 a4 27. Rxh6 axb3 28. Rh8+
Kxh8 29. Qh3+ Kg8 30. Qh7+ Kf8 31. f6 1-0

[Event "37th ECC Open 2022"]
[Site "Mayrhofen AUT"]
[Date "2022.10.09"]
[Round "7.11"]
[Board "4"]
[White "Fischer, Daniel"]
[Black "Klein, Felix"]
[Result "1/2-1/2"]
[WhiteTitle "FM"]
[BlackTitle "FM"]
[WhiteElo "2407"]
[BlackElo "2275"]
[WhiteTeam "Schachgesellschaft Zürich"]
[BlackTeam "KSK Rochade Eupen-Kelmis"]
[WhiteFideId "1328360"]
[BlackFideId "24600458"]
[EventDate "2022.10.03"]

1. e4 c5 2. Nf3 e6 3. d4 cxd4 4. Nxd4 a6 5. c4 Nf6 6. Nc3 Bb4 7. Qd3 d5 8. exd5
exd5 9. Be2 O-O 10. O-O Nc6 11. Nxc6 bxc6 12. Rd1 Be6 13. a3 Bc5 14. b4 Be7 15.
cxd5 Nxd5 16. Bb2 Qb8 17. Nxd5 Bxd5 18. Qh3 Rd8 19. Bd3 h6 20. Qg4 Bg5 21. g3
Qd6 22. Be4 Qe7 23. Bxd5 cxd5 24. Re1 Qd6 25. Rad1 Qc6 26. Qf5 Ra7 27. h4 Be7
28. Rc1 Qb7 29. Qg4 Bf8 30. Qd4 Raa8 31. Rc5 Rac8 32. Rec1 Rxc5 33. Rxc5 Qd7 34.
Ra5 Qe6 35. Rc5 Qd7 36. Kg2 Qd6 37. Rc2 Re8 38. Rd2 Rd8 39. Rd3 Qc6 40. Rc3 Qd6
41. Rf3 Rc8 42. Rf5 Rc2 43. Bc3 Qc6 44. Rf3 f6 45. Rd3 a5 46. Bd2 axb4 47. axb4
Rc4 48. Qxd5+ Qxd5+ 49. Rxd5 Bxb4 50. Bxb4 1/2-1/2

[Event "37th ECC Open 2022"]
[Site "Mayrhofen AUT"]
[Date "2022.10.09"]
[Round "7.11"]
[Board "5"]
[White "Coenen, Norbert"]
[Black "Vogt, Lothar"]
[Result "1/2-1/2"]
[WhiteTitle "IM"]
[BlackTitle "GM"]
[WhiteElo "2268"]
[BlackElo "2331"]
[WhiteTeam "KSK Rochade Eupen-Kelmis"]
[BlackTeam "Schachgesellschaft Zürich"]
[WhiteFideId "4619455"]
[BlackFideId "4611292"]
[EventDate "2022.10.03"]

1. e4 c5 2. Nf3 d6 3. Bb5+ Bd7 4. Bxd7+ Qxd7 5. c4 Nf6 6. Nc3 g6 7. d4 cxd4 8.
Nxd4 Bg7 9. f3 O-O 10. Be3 Nc6 11. O-O a6 12. Rc1 Rac8 13. Na4 Nxd4 14. Nb6 Qd8
15. Nxc8 e5 16. Bxd4 exd4 17. Qxd4 Ne8 18. Qd5 Qxc8 19. b4 Qc7 20. Rfd1 Be5 21.
Kh1 b6 22. g3 Qb8 23. a4 h5 24. Kg2 h4 25. Qd2 a5 26. bxa5 bxa5 27. Qxa5 Qb3 28.
c5 h3+ 29. Kf2 dxc5 30. Qxc5 Bb2 31. Qc4 Be5 32. Qc5 1/2-1/2

[Event "37th ECC Open 2022"]
[Site "Mayrhofen AUT"]
[Date "2022.10.09"]
[Round "7.11"]
[Board "6"]
[White "Friedrich, Norbert"]
[Black "Mihok-Juhasz, Barbara"]
[Result "1-0"]
[WhiteTitle "FM"]
[BlackTitle "WIM"]
[WhiteElo "2243"]
[BlackElo "2230"]
[WhiteTeam "Schachgesellschaft Zürich"]
[BlackTeam "KSK Rochade Eupen-Kelmis"]
[WhiteFideId "4602102"]
[BlackFideId "743585"]
[EventDate "2022.10.03"]

1. e4 c5 2. Nf3 e6 3. c3 d5 4. exd5 Qxd5 5. d4 Nf6 6. Na3 Nc6 7. Be3 cxd4 8. Nb5
Qd8 9. Nbxd4 Nd5 10. Nxc6 bxc6 11. Bd2 Be7 12. c4 Nb6 13. Qc2 c5 14. Rd1 Qc7 15.
Bc3 Bf6 16. Bxf6 gxf6 17. Bd3 Bb7 18. Be4 Rg8 19. O-O Ke7 20. Rfe1 h5 21. Bxb7
Qxb7 22. Rxe6+ Kxe6 23. Qe2+ Kf5 24. Nh4+ Kg5 25. Qe3+ Kxh4 26. Qf4+ Rg4 27.
Qxf6+ Rg5 28. Qf4+ Rg4 29. Qf6+ Rg5 30. f3 Rg8 31. Qf4+ Rg4 32. fxg4 Qb8 33.
Qf6+ Rg5 34. Qf2+ 1-0